Maharashtra legislature manual. (Record no. 74217)

MARC details
000 -LEADER
fixed length control field 00910cam a22002771 4500
001 - CONTROL NUMBER
control field sa 67003987
003 - CONTROL NUMBER IDENTIFIER
control field DLC
005 - DATE AND TIME OF LATEST TRANSACTION
control field 20260227112343.0
008 - FIXED-LENGTH DATA ELEMENTS--GENERAL INFORMATION
fixed length control field 840618s1967 ii k l f000 0 eng
010 ## - LIBRARY OF CONGRESS CONTROL NUMBER
LC control number sa 67003987
025 ## - OVERSEAS ACQUISITION NUMBER
Overseas acquisition number PL480:I-E-8356
035 ## - SYSTEM CONTROL NUMBER
System control number (OCoLC)10855425
040 ## - CATALOGING SOURCE
Original cataloging agency DLC
Transcribing agency NRU
Modifying agency OCoLC
-- DLC
042 ## - AUTHENTICATION CODE
Authentication code premarc
050 00 - LIBRARY OF CONGRESS CALL NUMBER
Classification number JQ620.M26
Item number A58 1967
082 ## - DEWEY DECIMAL CLASSIFICATION NUMBER
Classification number 328.547/92/05
110 1# - MAIN ENTRY--CORPORATE NAME
Corporate name or jurisdiction name as entry element Maharashtra (India).
Subordinate unit Legislature.
245 10 - TITLE STATEMENT
Title Maharashtra legislature manual.
250 ## - EDITION STATEMENT
Edition statement 5th ed.
260 ## - PUBLICATION, DISTRIBUTION, ETC.
Place of publication, distribution, etc. Bombay,
Name of publisher, distributor, etc. Director, Govt. Print. and Stationery, Maharashtra State,
Date of publication, distribution, etc. 1967.
300 ## - PHYSICAL DESCRIPTION
Extent iii, 262 p.
Other physical details forms.
Dimensions 18 cm.
500 ## - GENERAL NOTE
General note At head of title: Maharashtra Legislature Secretariat.
500 ## - GENERAL NOTE
General note Includes legislation.
610 10 - SUBJECT ADDED ENTRY--CORPORATE NAME
Corporate name or jurisdiction name as entry element Maharashtra (India).
Subordinate unit Legislature
General subdivision Rules and practice.
610 10 - SUBJECT ADDED ENTRY--CORPORATE NAME
Corporate name or jurisdiction name as entry element Maharashtra (India).
Subordinate unit Legislature
General subdivision Salaries, pensions, etc.

No items available.

Powered by Koha